000
00340nam a2200133 a 4500
005
20140414131857.0
008
100827s19uu xx 00 eng d
050
_a
FIL
_b
B23 2007
100
_a
Villanueva, Rene O.
245
_a
Ang barumbadong bus.
260
_a
Manila, Philippines :
_b
Adarna,
_c
2007.
999
_c
110507
_d
110507